[Event "American Continental Blitz 19th"]
[Site "Foz do Iguacu"]
[Date "2025.05.30"]
[Round "7"]
[White "Becker, Rogerio Sperb"]
[Black "Lima, Stefan Moisei Vieir"]
[Result "1-0"]
[WhiteElo "2111"]
[BlackElo "2241"]
[PlyCount "167"]
[EventDate "2025.05.30"]
[EventType "swiss (blitz)"]
[EventRounds "9"]
[EventCountry "BRA"]
[SourceTitle "CB23_2025"]
[SourceDate "2025.06.04"]
[SourceVersion "1"]
[SourceVersionDate "2025.06.04"]
[SourceQuality "1"]

1. c4 e5 2. g3 Nf6 3. Bg2 c6 4. d4 exd4 5. Qxd4 d5 6. Nc3 dxc4 7. Qxc4 Be6 8. Qa4 Nbd7 9. Nf3 Bc5 10. 0-0 Qe7 11. Bf4 0-0 12. a3 a5 13. Rad1 Rfe8 14. Qc2 Bg4 15. Rfe1 h6 16. Na4 Ba7 17. h3 Bh5 18. Bd6 Qe6 19. Nc5 Nxc5 20. Bxc5 Bxf3 21. exf3 Qxe1+ 22. Rxe1 Rxe1+ 23. Kh2 Bxc5 24. Qxc5 Re2 25. Qb6 Rae8 26. f4 Rc2 27. Bf3 Ne4 28. Bxe4 Rxe4 29. Qd8+ Kh7 30. Qd3 Rce2 31. Kg2 g6 32. Qb3 Re7 33. f5 gxf5 34. Qd3 Kg6 35. g4 R2e5 36. Kg3 Kf6 37. Qd2 Kg7 38. Qd4 Kh7 39. Qd3 Kg8 40. Qd8+ Re8 41. Qf6 R8e6 42. Qd8+ Kg7 43. Qd4 Kh7 44. Qd3 a4 45. Kh4 Kg6 46. Qc2 b5 47. Qd3 Kf6 48. Qc3 fxg4 49. f4 gxf3 50. Kg3 Kg7 51. Kf4 Kf6 52. Kxf3 Kg7 53. Kf4 f6 54. Qa5 Re4+ 55. Kf3 Re3+ 56. Kf4 R6e4+ 57. Kf5 Re5+ 58. Kf4 R3e4+ 59. Kf3 Rc4 60. Qc7+ Kg6 61. Qc8 Rf5+ 62. Ke3 Re5+ 63. Kf3 Rg5 64. Qg8+ Kf5 65. Qc8+ Ke5 66. Qc7+ Kd5 67. Qf7+ Kc5 68. Qxf6 Rd5 69. Qe7+ Kb6 70. Qf8 Rd3+ 71. Ke2 Rxh3 72. Qb8+ Kc5 73. Qf8+ Kd5 74. Qf5+ Kd6 75. Qxh3 Rc2+ 76. Kd3 Rxb2 77. Qxh6+ Kc5 78. Qg5+ Kb6 79. Qd8+ Kb7 80. Kc3 Rb3+ 81. Kd4 Rb1 82. Kc5 Rb3 83. Qd7+ Kb8 84. Kxc6 1-0

[Event "American Continental Blitz 19th"]
[Site "Foz do Iguacu"]
[Date "2025.05.30"]
[Round "3"]
[White "Rodrigues, Edgar"]
[Black "Lima, Stefan Moisei Vieir"]
[Result "0-1"]
[WhiteElo "2245"]
[BlackElo "2241"]
[PlyCount "66"]
[EventDate "2025.05.30"]
[EventType "swiss (blitz)"]
[EventRounds "9"]
[EventCountry "BRA"]
[SourceTitle "CB23_2025"]
[SourceDate "2025.06.04"]
[SourceVersion "1"]
[SourceVersionDate "2025.06.04"]
[SourceQuality "1"]

1. e4 e6 2. d4 d5 3. Nc3 Nf6 4. e5 Nfd7 5. Nce2 c5 6. c3 Nc6 7. f4 a5 8. Nf3 a4 9. a3 Qb6 10. h4 Qb3 11. Qd3 b6 12. Nd2 c4 13. Qb1 Qb5 14. h5 h6 15. g4 Be7 16. Kf2 Na5 17. Ng3 Kd8 18. Bg2 Nb3 19. Ra2 Kc7 20. Nf3 Nxc1 21. Qxc1 Rf8 22. Re1 f6 23. exf6 Nxf6 24. Bh3 Bd6 25. Kg2 Ne4 26. Nxe4 dxe4 27. Rxe4 Bb7 28. Qe3 Qd5 29. Rxe6 Rxf4 30. Re7+ Bxe7 31. Qxe7+ Qd7 32. Qxd7+ Kxd7 33. g5+ Kc7 0-1

[Event "American Continental 19th"]
[Site "Foz do Iguacu"]
[Date "2025.05.27"]
[Round "7"]
[White "Lima, Stefan Moisei Vieir"]
[Black "Pimenta, Jeronimo Marques"]
[Result "1-0"]
[WhiteElo "2241"]
[BlackElo "1946"]
[PlyCount "65"]
[EventDate "2025.05.23"]
[EventType "swiss"]
[EventRounds "11"]
[EventCountry "BRA"]
[SourceTitle "CB23_2025"]
[SourceDate "2025.06.04"]
[SourceVersion "1"]
[SourceVersionDate "2025.06.04"]
[SourceQuality "1"]

1. c4 e5 2. g3 Nf6 3. Bg2 Nc6 4. Nc3 Bc5 5. Nf3 d5 6. cxd5 Nxd5 7. d3 Nxc3 8. bxc3 0-0 9. 0-0 h6 10. Nd2 Be6 11. Rb1 Bb6 12. Ba3 Re8 13. Qc2 Rb8 14. Nb3 Bd5 15. e4 Bxb3 16. axb3 Qd7 17. Rbd1 Rbd8 18. Kh1 Qe6 19. f4 f6 20. fxe5 Nxe5 21. d4 Ng4 22. Bc1 c5 23. h3 cxd4 24. cxd4 Kh8 25. hxg4 Qxg4 26. Qf2 Qh5+ 27. Kg1 Qb5 28. Bxh6 Re6 29. Bh3 Red6 30. Be3 Qxb3 31. Bf5 Kg8 32. Rfe1 Qc3 33. d5 1-0

[Event "American Continental 19th"]
[Site "Foz do Iguacu"]
[Date "2025.05.26"]
[Round "6"]
[White "Cella, Glaucio Dalla Cortt"]
[Black "Lima, Stefan Moisei Vieir"]
[Result "1/2-1/2"]
[WhiteElo "1936"]
[BlackElo "2241"]
[PlyCount "103"]
[EventDate "2025.05.23"]
[EventType "swiss"]
[EventRounds "11"]
[EventCountry "BRA"]
[SourceTitle "CB23_2025"]
[SourceDate "2025.06.04"]
[SourceVersion "1"]
[SourceVersionDate "2025.06.04"]
[SourceQuality "1"]

1. e4 e5 2. Nf3 Nc6 3. d4 exd4 4. Bc4 Nf6 5. e5 d5 6. Bb5 Nd7 7. 0-0 Be7 8. Re1 0-0 9. Bxc6 bxc6 10. Nxd4 Nb8 11. Nc3 c5 12. Nf3 Be6 13. Ne2 Nc6 14. h3 Rb8 15. Nf4 Qd7 16. b3 a5 17. a4 Rfd8 18. Nxe6 Qxe6 19. Qe2 h6 20. Ba3 Rd7 21. Qe3 Nb4 22. Bxb4 Rxb4 23. Nd2 Bg5 24. Qe2 Bxd2 25. Qxd2 d4 26. Qd3 c4 27. bxc4 Qxc4 28. e6 fxe6 29. Qg6 Re7 30. Re5 Rb8 31. Rae1 Qxa4 32. Rxe6 Rxe6 33. Rxe6 Qd7 34. Qe4 a4 35. Re7 Qd6 36. Re8+ Rxe8 37. Qxe8+ Kh7 38. Qxa4 Qd5 39. g4 c5 40. Qb5 Qe5 41. Qd3+ Kg8 42. Kg2 Qd5+ 43. f3 c4 44. Qe2 Kf7 45. h4 Kf6 46. Qe8 d3 47. cxd3 cxd3 48. Qf8+ Kg6 49. Qe8+ Kh7 50. h5 Qd6 51. Qe4+ Kg8 52. Qe8+ 1/2-1/2

[Event "Cusco zt 2.4"]
[Site "Cusco"]
[Date "2025.02.02"]
[Round "9"]
[White "Lima, Stefan Moisei Vieir"]
[Black "Conde Escobar, Phol"]
[Result "1-0"]
[WhiteElo "2312"]
[BlackElo "1860"]
[PlyCount "36"]
[EventDate "2025.01.28"]
[EventType "swiss"]
[EventRounds "9"]
[EventCountry "PER"]
[SourceTitle "CB06_2025"]
[SourceDate "2025.02.05"]
[SourceVersion "1"]
[SourceVersionDate "2025.02.05"]
[SourceQuality "1"]

1. e4 c5 2. Nf3 Nc6 3. Bb5 g6 4. 0-0 Bg7 5. Re1 e5 6. Bxc6 dxc6 7. d3 Ne7 8. Be3 b6 9. h3 0-0 10. Qc1 f6 11. Nbd2 f5 12. exf5 gxf5 13. Bg5 h6 14. Bxe7 Qxe7 15. Nxe5 Bxe5 16. Nf3 f4 17. Rxe5 Qg7 18. Kh2 Bd7 1-0

[Event "Florianopolis op 11th"]
[Site "Florianopolis"]
[Date "2025.01.19"]
[Round "2"]
[White "Lima, Stefan Moisei Vieir"]
[Black "Fraga, Heitor Carneiro"]
[Result "1/2-1/2"]
[WhiteElo "2312"]
[BlackElo "1949"]
[PlyCount "137"]
[EventDate "2025.01.18"]
[EventType "swiss"]
[EventRounds "10"]
[EventCountry "BRA"]
[SourceTitle "CB05_2025"]
[SourceDate "2025.01.29"]
[SourceVersion "1"]
[SourceVersionDate "2025.01.29"]
[SourceQuality "1"]

1. d4 d5 2. Bf4 Nf6 3. e3 e6 4. Nf3 Bd6 5. Ne5 0-0 6. Nd2 c5 7. c3 Qc7 8. Bd3 b6 9. Qe2 Bb7 10. Bg3 Nc6 11. Nxc6 Bxc6 12. Nf3 Nd7 13. 0-0 h6 14. Bxd6 Qxd6 15. e4 dxe4 16. Bxe4 Bxe4 17. Qxe4 Nf6 18. Qe2 Rfd8 19. a4 cxd4 20. Nxd4 Qf4 21. a5 e5 22. Nc6 Rd2 23. Qxe5 Qxe5 24. Nxe5 Re2 25. Rfe1 Rxe1+ 26. Rxe1 bxa5 27. Nc4 Rb8 28. Ra1 Nd5 29. Kf1 Rb3 30. Rxa5 Nb6 31. Nxb6 axb6 32. Ra8+ Kh7 33. Ra2 Rb5 34. b4 Re5 35. Re2 Rd5 36. Re7 Kg6 37. Ke2 Rd6 38. Re5 Kf6 39. f4 g5 40. g3 gxf4 41. gxf4 Kg6 42. Ke3 f5 43. c4 Kf6 44. Rd5 Re6+ 45. Kd3 Kg6 46. h4 Rf6 47. c5 bxc5 48. bxc5 Kh5 49. Rd6 Rf8 50. c6 Kxh4 51. Rg6 Rc8 52. Kd4 Kh5 53. Re6 Kg4 54. Ke5 h5 55. Rg6+ Kf3 56. Kxf5 h4 57. Rh6 Kg3 58. Rg6+ Kf3 59. Kg5 h3 60. Rh6 Kg2 61. Kf5 h2 62. Ke5 Rxc6 63. Rxh2+ Kxh2 64. f5 Kg3 65. f6 Kg4 66. f7 Rc8 67. Ke6 Rf8 68. Ke7 Rxf7+ 69. Kxf7 1/2-1/2

[Event "Brasilia op"]
[Site "Brasilia"]
[Date "2025.01.10"]
[Round "6"]
[White "Azevedo Junior, Jose Ferreira"]
[Black "Lima, Stefan Moisei Vieir"]
[Result "0-1"]
[WhiteElo "2109"]
[BlackElo "2312"]
[PlyCount "98"]
[EventDate "2025.01.07"]
[EventType "swiss"]
[EventRounds "9"]
[EventCountry "BRA"]
[SourceTitle "CB12_2025"]
[SourceDate "2025.03.19"]
[SourceVersion "1"]
[SourceVersionDate "2025.03.19"]
[SourceQuality "1"]

1. c4 e5 2. Nc3 Nf6 3. Nf3 Nc6 4. g3 Bb4 5. Qc2 Bxc3 6. Qxc3 d6 7. d3 a5 8. Bg2 0-0 9. 0-0 Re8 10. b3 d5 11. Bg5 d4 12. Qb2 h6 13. Bxf6 Qxf6 14. a3 Qd6 15. Rab1 f5 16. Rfd1 Be6 17. e3 Bf7 18. exd4 exd4 19. Re1 f4 20. Nh4 Rad8 21. Be4 Ne5 22. b4 axb4 23. Qxb4 b6 24. Qxd6 Rxd6 25. gxf4 Ng6 26. Nxg6 Bxg6 27. f5 Bf7 28. f3 Kf8 29. Kf2 Re5 30. Rec1 Ke7 31. Rg1 Kf6 32. Rb5 Rc5 33. Rxc5 bxc5 34. Rb1 Rb6 35. Rb5 Rxb5 36. cxb5 Bb3 37. Kg3 Ba4 38. Bc6 c4 39. Kf2 c3 40. Ke2 Ke7 41. Ke1 Bc2 42. Ke2 Kd6 43. Be8 Kc5 44. Bd7 Kb6 45. f4 Ba4 46. Be6 Kxb5 47. Ke1 Kc5 48. Ke2 Kd6 49. h4 Bd7 0-1

[Event "Brasilia op"]
[Site "Brasilia"]
[Date "2025.01.09"]
[Round "4"]
[White "Fier, Alexandr"]
[Black "Lima, Stefan Moisei Vieir"]
[Result "1-0"]
[WhiteElo "2549"]
[BlackElo "2312"]
[PlyCount "75"]
[EventDate "2025.01.07"]
[EventType "swiss"]
[EventRounds "9"]
[EventCountry "BRA"]
[SourceTitle "CB12_2025"]
[SourceDate "2025.03.19"]
[SourceVersion "1"]
[SourceVersionDate "2025.03.19"]
[SourceQuality "1"]

1. c4 e6 2. d4 d5 3. Nc3 a6 4. cxd5 exd5 5. Nf3 c6 6. Qc2 Nf6 7. Bg5 Be6 8. e3 h6 9. Bf4 c5 10. Be2 Nc6 11. Rd1 c4 12. 0-0 Bd6 13. Ne5 0-0 14. Bg3 Qc7 15. f4 Ne7 16. Bh4 Bf5 17. Qc1 Ne4 18. Bxe7 Nxc3 19. bxc3 Qxe7 20. Bf3 Bxe5 21. fxe5 Be6 22. e4 Rfd8 23. Rde1 Rac8 24. Re3 Qg5 25. Qe1 Rc6 26. Bd1 dxe4 27. Rxe4 b5 28. Ref4 Bd5 29. Rg4 Qe7 30. Qg3 Rg6 31. Rxg6 fxg6 32. Qxg6 Qg5 33. Qxg5 hxg5 34. a3 Be4 35. Bg4 a5 36. e6 b4 37. e7 Re8 38. Rf8+ 1-0

[Event "Brasilia op"]
[Site "Brasilia"]
[Date "2025.01.07"]
[Round "1"]
[White "Lima, Stefan Moisei Vieir"]
[Black "De Oliveira, Felipe Piacente"]
[Result "1-0"]
[WhiteElo "2312"]
[BlackElo "1706"]
[PlyCount "73"]
[EventDate "2025.01.07"]
[EventType "swiss"]
[EventRounds "9"]
[EventCountry "BRA"]
[SourceTitle "CB12_2025"]
[SourceDate "2025.03.19"]
[SourceVersion "1"]
[SourceVersionDate "2025.03.19"]
[SourceQuality "1"]

1. c4 e6 2. g3 d5 3. Bg2 dxc4 4. Qa4+ Bd7 5. Qxc4 Bc6 6. Nf3 Nf6 7. 0-0 Be7 8. Qc2 0-0 9. Nc3 Nbd7 10. d4 Re8 11. e4 Nf8 12. Re1 b6 13. Bd2 Bb7 14. Rad1 c5 15. d5 exd5 16. exd5 Bd6 17. Nh4 Rxe1+ 18. Rxe1 Qd7 19. Nf5 Ng6 20. Bg5 Re8 21. Rxe8+ Nxe8 22. Bh3 Qc7 23. Qe2 Qb8 24. Bg2 h6 25. Bd2 a6 26. a4 Nf6 27. h4 Qd8 28. h5 Ne7 29. Nxd6 Qxd6 30. Bf4 Qd7 31. d6 Nc8 32. Bxb7 Qxb7 33. Qe5 Qd7 34. a5 Ng4 35. Qe2 Nxd6 36. Bxd6 Qxd6 37. Qxg4 1-0

[Event "Rio de Janeiro Duchamp op 5th"]
[Site "Rio de Janeiro"]
[Date "2024.12.04"]
[Round "4"]
[White "Becker, Rogerio Sperb"]
[Black "Lima, Stefan Moisei Vieir"]
[Result "0-1"]
[WhiteElo "2115"]
[BlackElo "2242"]
[PlyCount "102"]
[EventDate "2024.12.02"]
[EventType "swiss"]
[EventRounds "9"]
[EventCountry "BRA"]
[SourceTitle "CB50_2024"]
[SourceDate "2024.11.01"]
[SourceVersion "1"]
[SourceVersionDate "2024.11.01"]
[SourceQuality "2"]

1. d4 d5 2. Nf3 c5 3. c4 cxd4 4. cxd5 Nf6 5. Qxd4 Qxd5 6. Qxd5 Nxd5 7. Bd2 Nc6 8. a3 e5 9. Nc3 Nxc3 10. Bxc3 f6 11. e4 Be6 12. Be2 Rc8 13. 0-0 Bc5 14. b4 Bb6 15. Rfc1 Kf7 16. a4 Nd4 17. Nxd4 Bxd4 18. Bxd4 exd4 19. Kf1 g5 20. Bd3 Ke7 21. Ke2 Kd6 22. f3 h5 23. Kd2 h4 24. Rxc8 Rxc8 25. Rc1 Rxc1 26. Kxc1 b6 27. a5 bxa5 28. bxa5 Kc5 29. Kd2 Kd6 30. g3 Ke5 31. Ke2 Bc8 32. Kd2 Bd7 33. Ke2 Ba4 34. Kd2 Be8 35. Ke2 Bd7 36. Kd2 Ba4 37. Ke2 Bc6 38. Kf2 Kd6 39. gxh4 gxh4 40. f4 Kc5 41. Ke2 Kb4 42. Kd2 Kxa5 43. e5 fxe5 44. fxe5 Kb4 45. Bh7 Kc5 46. Bg8 Be4 47. Ke2 a5 48. Bb3 Bd5 49. Ba4 Bc6 50. Bb3 a4 51. Bg8 Be4 0-1

[Event "Rio de Janeiro Duchamp op 5th"]
[Site "Rio de Janeiro"]
[Date "2024.12.03"]
[Round "3"]
[White "Lima, Stefan Moisei Vieir"]
[Black "Santanna, Paulo"]
[Result "1-0"]
[WhiteElo "2242"]
[BlackElo "2046"]
[PlyCount "108"]
[EventDate "2024.12.02"]
[EventType "swiss"]
[EventRounds "9"]
[EventCountry "BRA"]
[SourceTitle "CB50_2024"]
[SourceDate "2024.11.01"]
[SourceVersion "1"]
[SourceVersionDate "2024.11.01"]
[SourceQuality "2"]

1. b3 c5 2. Bb2 Nc6 3. Nf3 d6 4. d4 cxd4 5. Nxd4 Nf6 6. Nxc6 bxc6 7. Nd2 e5 8. e4 Be7 9. Bd3 0-0 10. 0-0 Re8 11. c4 Bf8 12. Rc1 Qc7 13. h3 a5 14. a3 Rb8 15. Re1 Nd7 16. Bc2 Nc5 17. Nf3 Ne6 18. Bc3 c5 19. a4 Ra8 20. Rb1 Qd8 21. g3 Qf6 22. Bd2 Nd4 23. Nxd4 exd4 24. Kg2 Qe6 25. Rh1 Bb7 26. Re1 Bc8 27. Rh1 Bb7 28. f3 Be7 29. Qf1 Bd8 30. Re1 Bc7 31. h4 h6 32. h5 Bd8 33. Qd3 Bf6 34. Kf2 Qd7 35. Re2 Be5 36. Rh4 Bf6 37. Rh1 Be5 38. Rh4 Bf6 39. Rg4 Re5 40. Kg1 Rxh5 41. Rh2 Rxh2 42. Kxh2 Kf8 43. Kg2 h5 44. Rf4 Bc8 45. Rf5 g6 46. Rxf6 Qh3+ 47. Kf2 Qh2+ 48. Ke1 Bh3 49. Kd1 Qg1+ 50. Be1 Bf1 51. Qd2 d3 52. Bxd3 Qd4 53. Bxf1 Qxf6 54. Qc3 Qe6 1-0

[Event "Rio de Janeiro Duchamp op 5th"]
[Site "Rio de Janeiro"]
[Date "2024.12.02"]
[Round "2"]
[White "Soares, Joao Carlos TC"]
[Black "Lima, Stefan Moisei Vieir"]
[Result "1/2-1/2"]
[WhiteElo "1982"]
[BlackElo "2242"]
[PlyCount "144"]
[EventDate "2024.12.02"]
[EventType "swiss"]
[EventRounds "9"]
[EventCountry "BRA"]
[SourceTitle "CB50_2024"]
[SourceDate "2024.11.01"]
[SourceVersion "1"]
[SourceVersionDate "2024.11.01"]
[SourceQuality "2"]

1. d4 e6 2. Nf3 f5 3. g3 Nf6 4. Bg2 d5 5. c4 c6 6. 0-0 Bd6 7. b3 Qe7 8. a4 a5 9. Ba3 Nbd7 10. Bxd6 Qxd6 11. Na3 0-0 12. Nc2 b6 13. Nce1 Bb7 14. Nd3 dxc4 15. bxc4 c5 16. Qb3 cxd4 17. Rfd1 Kh8 18. c5 bxc5 19. Qxb7 Rfb8 20. Ng5 Kg8 21. Qc6 Ra6 22. Qxd6 Rxd6 23. Rdc1 Rc8 24. Nb2 Nb6 25. Bb7 Rc7 26. Ba6 Nfd5 27. Nc4 Nxc4 28. Bxc4 Kf8 29. Rab1 h6 30. Rb8+ Ke7 31. Nf3 Nc3 32. Ra1 Rd8 33. Rb6 Rd6 34. Rb2 Kf6 35. Nd2 Rdc6 36. Nb1 Ne4 37. Bb5 Rb6 38. Rc2 Nd6 39. Na3 Ke5 40. Nc4+ Nxc4 41. Rxc4 Kd5 42. Rac1 e5 43. Kf1 e4 44. Ke1 Rb8 45. Kd2 Rb6 46. f3 g5 47. g4 e3+ 48. Kd3 fxg4 49. Rxd4+ cxd4 50. Rxc7 gxf3 51. Rd7+ Kc5 52. exf3 Rf6 53. Rxd4 Rxf3 54. Rc4+ Kd6 55. Re4 Rh3 56. Rd4+ Kc5 57. Rg4 e2+ 58. Kxe2 Rxh2+ 59. Kf3 Rh3+ 60. Ke4 Rb3 61. Be8 Rb8 62. Bd7 Rf8 63. Bf5 Rd8 64. Ke5 Rd2 65. Be6 Re2+ 66. Re4 Rxe4+ 67. Kxe4 Kb4 68. Bd7 h5 69. Kf3 Ka3 70. Kg3 Kb4 71. Kf3 Ka3 72. Ke4 Kb4 1/2-1/2

[Event "Pan American-ch U2300"]
[Site "Balneario Camboriu"]
[Date "2024.09.29"]
[Round "9"]
[White "Lima, Stefan Moisei Vieir"]
[Black "Hurtado Bahamonde, Rodrigo And"]
[Result "1/2-1/2"]
[WhiteElo "2222"]
[BlackElo "2143"]
[PlyCount "54"]
[EventDate "2024.09.24"]
[EventType "swiss"]
[EventRounds "9"]
[EventCountry "BRA"]
[SourceTitle "EXT 2025"]
[Source "ChessBase"]
[SourceDate "2024.10.14"]
[SourceVersion "1"]
[SourceVersionDate "2024.10.14"]
[SourceQuality "1"]

1. d4 d5 2. c4 c6 3. Nc3 Nf6 4. e3 e6 5. Nf3 Nbd7 6. Qc2 Bd6 7. Bd3 0-0 8. 0-0 h6 9. Re1 dxc4 10. Bxc4 b5 11. Bf1 Bb7 12. e4 e5 13. dxe5 Nxe5 14. Nxe5 Bxe5 15. h3 Qc7 16. Be3 Rfe8 17. Bd3 a6 18. b4 c5 19. Bxc5 Bxc3 20. Qxc3 Nxe4 21. Bxe4 Bxe4 22. Rad1 Re6 23. Re3 Rae8 24. Rde1 Bd5 25. a3 Qc6 26. Rxe6 Rxe6 27. Rxe6 Qxe6 1/2-1/2

[Event "Pan American-ch U2300"]
[Site "Balneario Camboriu"]
[Date "2024.09.27"]
[Round "5"]
[White "Urbina Quiroz, Edwin"]
[Black "Lima, Stefan Moisei Vieir"]
[Result "0-1"]
[WhiteElo "2089"]
[BlackElo "2222"]
[PlyCount "42"]
[EventDate "2024.09.24"]
[EventType "swiss"]
[EventRounds "9"]
[EventCountry "BRA"]
[SourceTitle "EXT 2025"]
[Source "ChessBase"]
[SourceDate "2024.10.14"]
[SourceVersion "1"]
[SourceVersionDate "2024.10.14"]
[SourceQuality "1"]

1. e4 e6 2. d4 d5 3. Nd2 Nc6 4. Ngf3 Nf6 5. Be2 e5 6. 0-0 Bd6 7. Re1 0-0 8. c3 a5 9. b3 Re8 10. Bb2 Ne7 11. Bf1 Ng6 12. g3 c6 13. a3 h5 14. h4 Ng4 15. b4 Bd7 16. Qb3 Qb6 17. Re2 Bf8 18. Rb1 axb4 19. cxb4 f5 20. Ng5 Be7 21. Ndf3 fxe4 0-1

[Event "Pan American-ch U2300"]
[Site "Balneario Camboriu"]
[Date "2024.09.25"]
[Round "3"]
[White "Lima, Stefan Moisei Vieir"]
[Black "Becker, Rogerio Sperb"]
[Result "1/2-1/2"]
[WhiteElo "2222"]
[BlackElo "2085"]
[PlyCount "112"]
[EventDate "2024.09.24"]
[EventType "swiss"]
[EventRounds "9"]
[EventCountry "BRA"]
[SourceTitle "EXT 2025"]
[Source "ChessBase"]
[SourceDate "2024.10.14"]
[SourceVersion "1"]
[SourceVersionDate "2024.10.14"]
[SourceQuality "1"]

1. d4 Nf6 2. Nf3 e6 3. Bf4 d5 4. e3 Be7 5. h3 0-0 6. Nbd2 b6 7. Ne5 Bb7 8. Bd3 Nbd7 9. Qf3 Nxe5 10. Bxe5 c5 11. c3 Nd7 12. Bh2 Bf6 13. Qe2 Re8 14. f4 a5 15. g4 Qc8 16. g5 Be7 17. Qh5 Nf8 18. Nf3 Ba6 19. Ne5 g6 20. Qe2 Bxd3 21. Nxd3 Qb7 22. Kf2 Rac8 23. Rac1 b5 24. Ne5 b4 25. Bg3 Nd7 26. Ng4 f5 27. gxf6 Nxf6 28. Nxf6+ Bxf6 29. h4 h5 30. Qd3 Kf7 31. Kf3 a4 32. Bf2 a3 33. bxa3 bxc3 34. Rxc3 cxd4 35. Rg1 Rg8 36. Rxc8 Qxc8 37. exd4 Qd7 38. Qc2 Qe7 39. Rb1 Qxa3+ 40. Rb3 Qa6 41. Rc3 Be7 42. Kg2 Ra8 43. Rg3 Rg8 44. Rc3 Qd6 45. a4 Qb4 46. Rc6 Rd8 47. Rc7 Ra8 48. Qe2 Qd6 49. Qe5 Qxe5 50. dxe5 Ke8 51. Ba7 Bxh4 52. a5 Be7 53. Bb6 Ra6 54. Rc6 Kd7 55. Rc7+ Ke8 56. Rc8+ Kf7 1/2-1/2

[Event "Pan American-ch U2300"]
[Site "Balneario Camboriu"]
[Date "2024.09.24"]
[Round "1"]
[White "Lima, Stefan Moisei Vieir"]
[Black "Kim, Thiago"]
[Result "1-0"]
[WhiteElo "2222"]
[BlackElo "2006"]
[PlyCount "83"]
[EventDate "2024.09.24"]
[EventType "swiss"]
[EventRounds "9"]
[EventCountry "BRA"]
[SourceTitle "EXT 2025"]
[Source "ChessBase"]
[SourceDate "2024.10.14"]
[SourceVersion "1"]
[SourceVersionDate "2024.10.14"]
[SourceQuality "1"]

1. c4 c5 2. g3 Nf6 3. Bg2 d5 4. cxd5 Nxd5 5. Nf3 Nc6 6. Nc3 Nc7 7. a3 f6 8. Rb1 e5 9. b4 cxb4 10. axb4 Bxb4 11. Nxe5 fxe5 12. Bxc6+ bxc6 13. Rxb4 0-0 14. Bb2 Nd5 15. Nxd5 Qxd5 16. f3 Bh3 17. Re4 Rae8 18. Qa1 Bg2 19. Rg1 Bxf3 20. exf3 Rxf3 21. Rxe5 Rxe5+ 22. Bxe5 Rf5 23. Bf4 Qe4+ 24. Be3 c5 25. Qa2+ Kh8 26. Qb3 h6 27. Rf1 Rxf1+ 28. Kxf1 Qf3+ 29. Kg1 Qe2 30. Qb8+ Kh7 31. Qb1+ Kh8 32. Qf1 Qh5 33. Qf8+ Kh7 34. Qxc5 Qd1+ 35. Kf2 Qh1 36. Qf5+ Kh8 37. Qh3 a5 38. Qg2 Qa1 39. Qa8+ Kh7 40. Qe4+ Kh8 41. Bd4 Qa2 42. Bc3 1-0

[Event "Pan American-ch U18 34th"]
[Site "Orlando"]
[Date "2024.07.16"]
[Round "3"]
[White "Lima, Stefan Moisei Vieir"]
[Black "Luo, Terry"]
[Result "0-1"]
[WhiteElo "2257"]
[BlackElo "2316"]
[PlyCount "100"]
[EventDate "2024.07.15"]
[EventType "swiss"]
[EventRounds "9"]
[EventCountry "USA"]
[SourceTitle "EXT 2025"]
[Source "ChessBase"]
[SourceDate "2024.10.14"]
[SourceVersion "1"]
[SourceVersionDate "2024.10.14"]
[SourceQuality "1"]

1. d4 Nf6 2. c4 g6 3. Nc3 Bg7 4. e4 d6 5. Be2 0-0 6. Nf3 Nbd7 7. 0-0 e5 8. Re1 h6 9. Bf1 Re8 10. dxe5 dxe5 11. h3 c6 12. Be3 Qc7 13. Qd2 Kh7 14. Rad1 Bf8 15. a3 Nc5 16. Qc2 a5 17. g3 Nfd7 18. Kg2 a4 19. Nh2 Bg7 20. Nf3 Qa5 21. Nd2 Ne6 22. Nf3 Ndc5 23. Na2 Nb3 24. Nb4 Nec5 25. Bxc5 Nxc5 26. Nd3 Nb3 27. Nc1 Nc5 28. Nd3 Nb3 29. Nc1 Nxc1 30. Qxc1 Be6 31. Rd2 Bf8 32. Red1 Kg7 33. Qc2 Be7 34. Re1 h5 35. h4 Bg4 36. Re3 Bc5 37. Red3 Bxf3+ 38. Kxf3 Bd4 39. Bh3 Re7 40. Kg2 Rb8 41. f4 b5 42. f5 Reb7 43. fxg6 fxg6 44. cxb5 Rxb5 45. Qxc6 Rxb2 46. Qc1 Rb1 47. Qc4 R8b2 48. Rxd4 Rxd2+ 49. Rxd2 Qxd2+ 50. Kf3 Rb3+ 0-1

[Event "Titled Tuesday intern op 23rd Jan Early"]
[Site "Chess.com INT"]
[Date "2024.01.23"]
[Round "11"]
[White "Dyulgerov, Volen"]
[Black "Lima, Stefan Moisei Vieir"]
[Result "0-1"]
[WhiteElo "2200"]
[BlackElo "2173"]
[PlyCount "48"]
[EventDate "2024.01.23"]
[EventType "swiss (blitz)"]
[EventRounds "11"]
[EventCountry "USA"]
[SourceTitle "EXT 2025"]
[Source "ChessBase"]
[SourceDate "2024.10.14"]
[SourceVersion "1"]
[SourceVersionDate "2024.10.14"]
[SourceQuality "1"]

1. e4 c5 2. Nf3 d6 3. d4 cxd4 4. Nxd4 Nf6 5. Nc3 a6 6. Bc4 e6 7. Bb3 Nc6 8. 0-0 Qc7 9. f4 Na5 10. e5 dxe5 11. fxe5 Qxe5 12. Bf4 Qc5 13. Kh1 Be7 14. Na4 Qa7 15. Bc7 Nxb3 16. axb3 b5 17. Nb6 Qxc7 18. Nxa8 Qb8 19. Qf3 Bb7 20. Qg3 Qxa8 21. Nf5 exf5 22. Rae1 Be4 23. Qxg7 Rg8 24. Qh6 Rxg2 0-1

[Event "Titled Tuesday intern op 23rd Jan Early"]
[Site "Chess.com INT"]
[Date "2024.01.23"]
[Round "10"]
[White "Lima, Stefan Moisei Vieir"]
[Black "Rios Escobar, Adan"]
[Result "1-0"]
[WhiteElo "2173"]
[BlackElo "2234"]
[PlyCount "73"]
[EventDate "2024.01.23"]
[EventType "swiss (blitz)"]
[EventRounds "11"]
[EventCountry "USA"]
[SourceTitle "EXT 2025"]
[Source "ChessBase"]
[SourceDate "2024.10.14"]
[SourceVersion "1"]
[SourceVersionDate "2024.10.14"]
[SourceQuality "1"]

1. b3 Nf6 2. Bb2 g6 3. Nf3 Bg7 4. g3 0-0 5. Bg2 d6 6. c4 Na6 7. 0-0 e5 8. d3 Nc5 9. Nc3 a5 10. a3 Rb8 11. b4 axb4 12. axb4 Ne6 13. Nd2 b6 14. e3 Bb7 15. Nd5 c6 16. Nxf6+ Bxf6 17. Ra7 Bg7 18. b5 d5 19. Rxb7 Rxb7 20. bxc6 Ra7 21. cxd5 Nc5 22. Nb3 Ra2 23. Qb1 Ra4 24. Nxc5 bxc5 25. Qc2 Qa5 26. d6 Ra2 27. c7 Qb6 28. Rb1 Qxd6 29. Bxe5 Qe6 30. Qxc5 Bxe5 31. Bd5 Qa6 32. Bxa2 Qxa2 33. Qxf8+ Kxf8 34. c8Q+ Kg7 35. Rd1 Qe2 36. Qc1 h5 37. d4 1-0